Culture Générale en A - Statistiques

Statistiques générales
  • Ce quiz a été pris 257 fois
  • Le résultat moyen est 5 sur 12
Statistiques - réponses
Hint Réponse % Correct
Il peut être en bois, à poulies mais aussi de triomphe Arc
88%
Au blackjack peut valoir 20 ou 1 As
80%
un navire construit sur l'ordre de Dieu par Noé Arche
79%
Animal de la crèche Ane
73%
Un cours d'eau qui se déverse dans un autre cours d'eau ou dans un lac Affluent
46%
Pays que l'URSS à tenté d'envahir Afghanistan
43%
Langage utilisé par un groupe qui forme une communauté Argot
23%
Autre nom de 'Antarctique, le continent ... Austral
19%
En 1796 Napoléon y défait les Autrichiens, le pont d'... Arcole
9%
Elle peut être normande, franc comtoise, bretonne, louis Armoire
9%
Chef roi Wisigoth ayant mis à sac Rome en 410 Alaric
6%
Journaliste, écrivain, dramaturge, poètes, peintre Français du XIX connu pour ses traits d'esprits et ses fameux holorimes. Alphonse Allais
2%
Aucun quiz correspondant
Distribution des résultats
% des personnes avec chaque résultat
Percentile par nombre de réponses
Votre historique - résultats
Vous n’avez pas pris ce quiz